[Event "Ì17Â"]
[Site "Loo"]
[Date "2017.04.25"]
[Round "6.22"]
[White "Ñòåïàíîâ, Àíäðåé."]
[Black "Ïðèâîðîòñêèé, Îëåã."]
[Result "1/2-1/2"]
[WhiteElo "2147"]
[BlackElo "2164"]
[PlyCount "102"]
[EventDate "2017.04.20"]

1. e4 c5 2. Nf3 Nc6 3. d4 cxd4 4. Nxd4 e5 5. Nb5 a6 6. Nd6+ Bxd6 7. Qxd6 Qe7 8.
Qd1 Nf6 9. Nc3 d6 10. Bg5 Be6 11. Bxf6 Qxf6 12. Bd3 O-O 13. O-O Rac8 14. Re1
Rfd8 15. Rc1 Ne7 16. Qe2 Ng6 17. g3 Ne7 18. Qe3 b5 19. a3 Rc5 20. Bf1 Rdc8 21.
Red1 d5 22. exd5 Nxd5 23. Nxd5 Bxd5 24. Rd2 Bb7 25. Bg2 Bxg2 26. Kxg2 Qc6+ 27.
Kg1 h6 28. c3 Rd5 29. Rcd1 Rcd8 30. h4 Rxd2 31. Rxd2 Rxd2 32. Qxd2 Qe4 33. Kh2
f5 34. Qd6 Qc2 35. Kg2 Qe4+ 36. Kh2 Qc2 37. Qd5+ Kh7 38. Kg2 Qe2 39. Qf3 Qc2
40. h5 f4 41. gxf4 exf4 42. Qxf4 Qxb2 43. Qe4+ Kg8 44. Qe6+ Kf8 45. Qc8+ Kf7
46. Qxa6 Qxc3 47. Qb7+ Kf6 48. Qxb5 Qxa3 49. Qe8 Qd3 50. Qf8+ Kg5 51. Qxg7+
Kxh5 1/2-1/2

[Event "Ì17Â"]
[Site "Loo"]
[Date "2017.04.25"]
[Round "6.23"]
[White "Ñàðàòîâñêèé, Äìèòðèé."]
[Black "Ñàêóëî, Äåíèñ."]
[Result "0-1"]
[WhiteElo "1929"]
[BlackElo "2147"]
[PlyCount "120"]
[EventDate "2017.04.20"]

1. d4 d5 2. c4 c6 3. Nf3 Nf6 4. Nc3 dxc4 5. e3 b5 6. a4 b4 7. Na2 e6 8. Bxc4
Nbd7 9. Bd2 a5 10. O-O Bb7 11. Qe2 c5 12. Rfd1 Be7 13. Nc1 O-O 14. Nb3 Qb6 15.
dxc5 Nxc5 16. Nbd4 Rac8 17. Nb5 Rfd8 18. Nfd4 Ba8 19. Be1 Nfd7 20. f4 Qb7 21.
Nb3 Nxb3 22. Bxb3 Nc5 23. Rxd8+ Rxd8 24. Bc4 Bf6 25. Ra2 Rd1 26. b3 Rb1 27. Nd4
Bxd4 28. exd4 Nxb3 29. Bxb3 Rxb3 30. Rc2 h6 31. Rc5 Re3 32. Rc8+ Qxc8 33. Qxe3
Qc2 34. Qg3 Be4 35. Qf2 Qxa4 36. Qe2 Qc2 37. Qxc2 Bxc2 38. Kf2 Be4 39. g3 Kf8
40. Ke3 Bd5 41. g4 Ke7 42. Kd3 Kd6 43. Bd2 Bf3 44. h3 Kd5 45. Be1 Bg2 46. h4
Bf1+ 47. Kc2 Kxd4 48. Kb3 Bb5 49. Bf2+ Kd3 50. Bb6 Bc4+ 51. Kb2 a4 52. Bc5 a3+
53. Kb1 Kc3 54. Bf8 g6 55. Bg7+ Kd2 56. Bf8 Ke3 57. Bxb4 a2+ 58. Kb2 Kxf4 59.
g5 h5 60. Be1 e5 0-1

[Event "Ì17Â"]
[Site "Loo"]
[Date "2017.04.25"]
[Round "6.24"]
[White "Òþðèí, Èëüÿ."]
[Black "Àðáóçîâ, Ìèõàèë."]
[Result "1-0"]
[WhiteElo "2019"]
[BlackElo "2048"]
[PlyCount "86"]
[EventDate "2017.04.20"]

1. e4 e6 2. d4 b6 3. c4 Bb7 4. Nc3 Bb4 5. Qc2 Qh4 6. Bd3 f5 7. g3 Qe7 8. Nge2
Bxc3+ 9. bxc3 Nf6 10. f3 fxe4 11. fxe4 Nc6 12. e5 Nxe5 13. dxe5 Bxh1 14. exf6
gxf6 15. Be4 Bxe4 16. Qxe4 c6 17. a4 d5 18. cxd5 cxd5 19. Qe3 Qd7 20. a5 b5 21.
Ba3 e5 22. O-O-O O-O-O 23. Bc5 Kb8 24. Rf1 Qc7 25. Rxf6 d4 26. cxd4 exd4 27.
Qf4 Rc8 28. Rf5 Rhd8 29. Kd2 Qxf4+ 30. gxf4 Rd7 31. Bxd4 a6 32. Rf6 Rc4 33. Kd3
Ra4 34. Rxa6 Ra3+ 35. Ke4 Ra2 36. Nc3 Rxh2 37. Rb6+ Ka8 38. Nxb5 Re2+ 39. Kd3
Re8 40. a6 Red8 41. a7 h5 42. Rh6 Kb7 43. Rxh5 Rg7 1-0

[Event "Ì17Â"]
[Site "Loo"]
[Date "2017.04.25"]
[Round "6.25"]
[White "Òîêìàøîâ, Ìàêñèì."]
[Black "Áîíäàðåíêî, Ìèøåëü."]
[Result "1-0"]
[WhiteElo "2067"]
[BlackElo "1858"]
[PlyCount "77"]
[EventDate "2017.04.20"]

1. d4 Nf6 2. Nf3 g6 3. g3 Bg7 4. Bg2 d5 5. O-O O-O 6. c3 c6 7. Nbd2 Nbd7 8. a4
Re8 9. a5 e5 10. dxe5 Nxe5 11. Nxe5 Rxe5 12. Nf3 Re8 13. Bf4 Ne4 14. Nd4 Nf6
15. a6 Qd7 16. axb7 Bxb7 17. Nb3 Qe7 18. Re1 Bc8 19. Be3 Bg4 20. h3 Bf5 21. Nc5
Ne4 22. Nxe4 Bxe4 23. Bxe4 dxe4 24. Qa4 Qe6 25. Kg2 a6 26. Red1 Reb8 27. Rd2 h5
28. Bf4 Rb7 29. Rad1 c5 30. Rd6 Qe8 31. Qa2 Qb5 32. R1d2 c4 33. Be3 Qb3 34.
Rd8+ Rxd8 35. Rxd8+ Kh7 36. Qxa6 Qxb2 37. Qxc4 Qxc3 38. Qxe4 Qc7 39. Qe8 1-0

[Event "Ì17Â"]
[Site "Loo"]
[Date "2017.04.25"]
[Round "6.26"]
[White "Åëèñååâ, Åãîð."]
[Black "Èâàíîâ, Êèðèëë."]
[Result "1/2-1/2"]
[WhiteElo "1834"]
[BlackElo "1943"]
[PlyCount "99"]
[EventDate "2017.04.20"]

1. d4 Nf6 2. Nf3 e6 3. c4 b6 4. Nc3 Bb7 5. Bg5 Be7 6. e3 O-O 7. Bd3 d5 8. O-O
Nbd7 9. Rc1 c5 10. Qe2 Ne4 11. Bxe7 Qxe7 12. cxd5 exd5 13. Rfd1 f5 14. Bb5 Ndf6
15. dxc5 bxc5 16. Ba6 Rfd8 17. Bxb7 Qxb7 18. h3 a6 19. Ne5 Rac8 20. Nd3 d4 21.
Nxe4 Nxe4 22. Ne5 Qd5 23. Qc4 Qxc4 24. Nxc4 Rb8 25. f3 Nf6 26. b3 Rd5 27. exd4
cxd4 28. Rd3 Rbd8 29. Rcd1 Ne8 30. Ne3 Re5 31. f4 Re4 32. Nxf5 Rd5 33. Nxd4
Rxf4 34. Ne6 Rxd3 35. Rxd3 Rf6 36. Ng5 h6 37. Rd8 hxg5 38. Rxe8+ Kf7 39. Re5
Kg6 40. a3 Rc6 41. b4 Kh5 42. Rc5 Rd6 43. Rc3 g4 44. Rc5+ g5 45. hxg4+ Kxg4 46.
b5 axb5 47. Rxb5 Rd3 48. a4 Ra3 49. a5 Kh4 50. Kf2 1/2-1/2

[Event "Ì17Â"]
[Site "Loo"]
[Date "2017.04.25"]
[Round "6.27"]
[White "×èæî, Àëåêñàíäð."]
[Black "Àíòîíÿí, Ãðàíò."]
[Result "1-0"]
[WhiteElo "1962"]
[BlackElo "2059"]
[PlyCount "77"]
[EventDate "2017.04.20"]

1. d4 d5 2. c4 e6 3. cxd5 exd5 4. Nc3 Be7 5. Qc2 c6 6. Nf3 g6 7. Bf4 Nf6 8. e3
Bf5 9. Bd3 Bxd3 10. Qxd3 O-O 11. O-O Nbd7 12. Ne5 Re8 13. f3 Nxe5 14. Bxe5 Nd7
15. Bg3 Bf6 16. Rad1 Bg7 17. e4 Nb6 18. b3 Rc8 19. e5 a6 20. f4 c5 21. dxc5
Rxc5 22. Bf2 Rc6 23. Kh1 d4 24. Bxd4 Nd5 25. Ne4 Nb4 26. Qh3 Qc8 27. Qh4 Nc2
28. Bf2 Rf8 29. Rd6 Qf5 30. Ng3 Qc8 31. Rfd1 Na3 32. Rd8 Rc1 33. Bg1 Rxd1 34.
Rxd1 Qc2 35. Re1 Re8 36. Ne4 Qxa2 37. Nf6+ Bxf6 38. exf6 Rxe1 39. Qxe1 1-0

[Event "Ì19"]
[Site "Loo"]
[Date "2017.04.25"]
[Round "6.1"]
[White "Åëåöêèé, Èâàí."]
[Black "Ìóðòàçèí, Áóëàò."]
[Result "1-0"]
[WhiteElo "2367"]
[BlackElo "2406"]
[PlyCount "119"]
[EventDate "2017.04.20"]

1. e4 e6 2. d4 d5 3. Nc3 Nf6 4. e5 Nfd7 5. f4 c5 6. Nf3 Nc6 7. Be3 Be7 8. Qd2
O-O 9. Be2 b6 10. O-O f6 11. exf6 Nxf6 12. Bb5 Bb7 13. Qe1 Ng4 14. Bd2 Qd6 15.
Ne2 a6 16. Bxc6 Bxc6 17. Kh1 Rae8 18. a4 Bd8 19. Nc1 cxd4 20. Bb4 Qxf4 21. Bxf8
Ne3 22. Ba3 Nxc2 23. Nxd4 Nxe1 24. Rxf4 e5 25. Nxc6 exf4 26. Nb3 Nc2 27. Rd1
Bf6 28. Nb4 Ne3 29. Re1 Kf7 30. Nxa6 Ra8 31. Nc7 Rxa4 32. Nb5 g5 33. Kg1 Kg6
34. Rc1 Nc4 35. Nc7 d4 36. Nd5 Be5 37. Nxb6 Nxb6 38. Rc6+ Kf5 39. Rxb6 d3 40.
Rb5 Kf6 41. Rd5 Re4 42. Rxd3 Re1+ 43. Kf2 Rh1 44. Nc5 Kg6 45. Rd5 Bg7 46. h3
Rb1 47. Ne4 h6 48. Nd2 Rd1 49. Rd6+ Kf5 50. Nc4 Rc1 51. Rc6 Bd4+ 52. Ke2 Rg1
53. Nd6+ Ke5 54. Kf3 Rf1+ 55. Kg4 Rf2 56. Nf7+ Kd5 57. Rd6+ Ke4 58. Re6+ Kd5
59. Kf5 Rxg2 60. b3 1-0

[Event "Ì19"]
[Site "Loo"]
[Date "2017.04.25"]
[Round "6.2"]
[White "Àñêåðîâ, Ìàðàò."]
[Black "Îôèöåðüÿí, Áîðèñ."]
[Result "0-1"]
[WhiteElo "2213"]
[BlackElo "2371"]
[PlyCount "83"]
[EventDate "2017.04.20"]

1. Nf3 Nf6 2. c4 c5 3. g3 d5 4. cxd5 Nxd5 5. Bg2 Nc6 6. O-O Nc7 7. Nc3 e5 8. d3
Be7 9. Be3 O-O 10. Rc1 Be6 11. a3 Rc8 12. Na4 b6 13. b4 Nd5 14. bxc5 Nxe3 15.
fxe3 b5 16. Nb2 Qa5 17. a4 Qb4 18. axb5 Qxb5 19. Nc4 Bxc5 20. Rb1 Nb4 21. Kh1
f6 22. Nfd2 Rfd8 23. Qb3 Kh8 24. Ra1 Bxe3 25. Qa4 Qxa4 26. Rxa4 Nc2 27. Nxe3
Nxe3 28. Rfa1 Nxg2 29. Kxg2 Rc2 30. Rd1 Rd7 31. Kf3 h5 32. Ke3 Kh7 33. Rda1
Rcc7 34. h4 Kg6 35. Ra5 Bg4 36. R1a2 Kf7 37. Ra6 Ke7 38. R6a5 Kf8 39. Ra6 Re7
40. R6a5 Kf7 41. Ne4 Kg6 42. Ra6 {äàëåå çàïèñü íåðàçáîð~~èâà} 0-1

[Event "Ì19"]
[Site "Loo"]
[Date "2017.04.25"]
[Round "6.3"]
[White "Ãàëü÷åíêî, Ìàòâåé."]
[Black "Ñìèðíîâ, Òèìîôåé."]
[Result "1/2-1/2"]
[WhiteElo "2346"]
[BlackElo "2296"]
[PlyCount "43"]
[EventDate "2017.04.20"]

1. c4 c6 2. e4 d5 3. exd5 cxd5 4. cxd5 Nf6 5. Qa4+ Nbd7 6. Nc3 g6 7. Bc4 Bg7 8.
d3 O-O 9. Nf3 a6 10. Qa3 b6 11. O-O Bb7 12. Re1 Re8 13. Be3 b5 14. Bb3 Nb6 15.
Bxb6 Qxb6 16. Qb4 Qd8 17. Re5 Nd7 18. Re3 Nf6 19. Re5 Nd7 20. Re3 Nf6 21. Re5
Nd7 22. Rg5 1/2-1/2

[Event "Ì19"]
[Site "Loo"]
[Date "2017.04.25"]
[Round "6.4"]
[White "Ñàâåíêîâ, Êîíñòàíòèí."]
[Black "Àêìàëîâ, Äàíèèë."]
[Result "1-0"]
[WhiteElo "2324"]
[BlackElo "2286"]
[PlyCount "75"]
[EventDate "2017.04.20"]

1. e4 g6 2. d4 Bg7 3. Nc3 d6 4. f4 a6 5. Nf3 b5 6. Bd3 Nd7 7. e5 Nh6 8. O-O O-O
9. a4 b4 10. Ne4 Bb7 11. Qe1 c5 12. e6 fxe6 13. Neg5 Rf6 14. Nxe6 Qb6 15. Nxg7
Kxg7 16. Qxe7+ Rf7 17. Qe6 Qc6 18. b3 cxd4 19. Qh3 Nf6 20. Nxd4 Qb6 21. Be3 Qa5
22. f5 Nhg4 23. Ne6+ Kg8 24. Bd4 g5 25. Nxg5 Re7 26. Rf4 Ne5 27. Ne4 Rf8 28.
Nxd6 Bd5 29. Ne4 Rg7 30. Bxe5 Bxe4 31. Rxe4 Nxe4 32. Bc4+ Rff7 33. Bd4 Qd8 34.
Qe3 Nd6 35. Bxf7+ Rxf7 36. Qg3+ Kf8 37. Bc5 Rf6 38. Rd1 1-0

[Event "Ì19"]
[Site "Loo"]
[Date "2017.04.25"]
[Round "6.5"]
[White "Áóö, Íèêèòà."]
[Black "Äðûãàëîâ, Ñåðãåé."]
[Result "0-1"]
[WhiteElo "2260"]
[BlackElo "2419"]
[PlyCount "58"]
[EventDate "2017.04.20"]

1. d4 d5 2. c4 c6 3. Nc3 Nf6 4. e3 e6 5. Nf3 Nbd7 6. Qc2 Bd6 7. Bd3 O-O 8. O-O
dxc4 9. Bxc4 b5 10. Bd3 Bb7 11. a3 Qe7 12. Bd2 a6 13. b4 a5 14. e4 e5 15. Ne2
axb4 16. axb4 Bxb4 17. Bxb4 Qxb4 18. Nxe5 Nxe5 19. dxe5 Ng4 20. Rxa8 Rxa8 21.
Rb1 Qe7 22. Nd4 Nxe5 23. Be2 Qf6 24. Rc1 g6 25. Nb3 Bc8 26. g3 Be6 27. f4 Nc4
28. Bf3 Ra3 29. Rf1 Ne3 0-1

[Event "Ì19"]
[Site "Loo"]
[Date "2017.04.25"]
[Round "6.6"]
[White "Èíäæèåâ, Àëäàð."]
[Black "Òèìåðõàíîâ, Àëåêñàíäð."]
[Result "0-1"]
[WhiteElo "2050"]
[BlackElo "2322"]
[PlyCount "64"]
[EventDate "2017.04.20"]

1. d4 d5 2. Bg5 h6 3. Bh4 c5 4. dxc5 g5 5. Bg3 Bg7 6. c3 Na6 7. e3 Nxc5 8. Nd2
Nf6 9. Ngf3 O-O 10. Be2 Bf5 11. Nb3 Nce4 12. O-O Nxg3 13. hxg3 Qb6 14. Nbd4 Bh7
15. Qb3 Ne4 16. Qxd5 Qxb2 17. Rab1 Qa3 18. Bd3 Nd6 19. Nb5 Nxb5 20. Bxh7+ Kxh7
21. Rxb5 b6 22. Nd4 Qxc3 23. Qe4+ Kh8 24. f4 Rad8 25. Nf5 Qd3 26. Qa4 a6 27.
Re5 Bxe5 28. fxe5 e6 29. Nd6 Qxe3+ 30. Kh2 Kg7 31. Qc6 Qxe5 32. Rd1 Qc5 0-1

[Event "Ì19"]
[Site "Loo"]
[Date "2017.04.25"]
[Round "6.7"]
[White "Îâ÷èííèêîâ, Âñåâîëîä."]
[Black "Õàð÷åíêî, Àëåêñåé."]
[Result "1/2-1/2"]
[WhiteElo "2319"]
[BlackElo "2263"]
[PlyCount "117"]
[EventDate "2017.04.20"]

1. d4 d5 2. c4 c6 3. Nf3 Nf6 4. Nc3 dxc4 5. a4 Bf5 6. Ne5 Nbd7 7. Nxc4 Qc7 8.
g3 e5 9. dxe5 Nxe5 10. Bf4 Rd8 11. Qc1 Bd6 12. Nxd6+ Qxd6 13. Bg2 Qe7 14. O-O
a6 15. b4 O-O 16. b5 h6 17. bxa6 bxa6 18. Qe3 Nfg4 19. Qb6 g5 20. Bxe5 Nxe5 21.
Rac1 Rb8 22. Qa5 Bg6 23. Ne4 Ng4 24. Rc4 Qe6 25. Qc3 Qe5 26. Nc5 Rb2 27. h3
Qxc3 28. Rxc3 Nf6 29. Nxa6 Rxe2 30. Rxc6 Ne4 31. Bf3 Ra2 32. Rxg6+ fxg6 33.
Bxe4 Rxa4 34. Nc5 Ra5 35. Nd3 Kg7 36. Rc1 Rf7 37. Rc6 Rf6 38. Rc7+ Rf7 39. Rc4
Re7 40. Kg2 Ra3 41. Kf3 Re6 42. Ke3 Rd6 43. Rd4 Rxd4 44. Kxd4 Ra2 45. Ke5 Rd2
46. f4 Rh2 47. f5 gxf5 48. Bxf5 Rg2 49. g4 Rh2 50. Nc5 Rxh3 51. Ne4 h5 52. Nxg5
hxg4 53. Bxg4 Re3+ 54. Kf5 Ra3 55. Ne6+ Kf7 56. Bh5+ Ke7 57. Nf4 Ra5+ 58. Kg4
Rxh5 59. Nxh5 1/2-1/2

[Event "Ì19"]
[Site "Loo"]
[Date "2017.04.25"]
[Round "6.8"]
[White "Ãîëüöåâ, Äìèòðèé."]
[Black "Ðàäæàáîâ, Ðîäèîí."]
[Result "1/2-1/2"]
[WhiteElo "2161"]
[BlackElo "2302"]
[PlyCount "87"]
[EventDate "2017.04.20"]

1. e4 c6 2. d4 d5 3. exd5 cxd5 4. c4 e6 5. Nc3 Nf6 6. c5 Nc6 7. Nf3 Be7 8. a3
a5 9. Bb5 O-O 10. Qd3 Qc7 11. O-O e5 12. dxe5 Nxe5 13. Nxd5 Nxf3+ 14. Qxf3 Nxd5
15. Qxd5 Be6 16. Qf3 Qxc5 17. a4 Qe5 18. Bf4 Qxb2 19. Qxb7 Bc5 20. Bg3 Rad8 21.
Qc7 Bb4 22. Rab1 Qd2 23. h3 Rc8 24. Qe5 Rc5 25. Qf4 Rd8 26. Rbc1 Rxc1 27. Rxc1
h6 28. Qxd2 Rxd2 29. Rc7 h5 30. Ra7 Rd1+ 31. Kh2 Rd2 32. Bc6 Bd5 33. Bd7 Re2
34. Bf5 g6 35. Bd3 Re7 36. Ra6 Bb7 37. Rb6 Bd5 38. Ba6 Re6 39. Rb8+ Kg7 40. Bb5
h4 41. Bf4 g5 42. Rd8 gxf4 43. Rxd5 Rd6 44. Rxd6 1/2-1/2

[Event "Ì19"]
[Site "Loo"]
[Date "2017.04.25"]
[Round "6.9"]
[White "Êëþêèí, Êèðèëë."]
[Black "Ëàïèí, Ïåòð."]
[Result "1/2-1/2"]
[WhiteElo "2250"]
[BlackElo "2188"]
[PlyCount "107"]
[EventDate "2017.04.20"]

1. d4 Nf6 2. Nf3 e6 3. e3 Nc6 4. b3 d6 5. Bb2 g6 6. Be2 Bg7 7. O-O O-O 8. c4 e5
9. dxe5 Ng4 10. Qc2 Ngxe5 11. Nxe5 dxe5 12. Rd1 Qg5 13. Nc3 Bf5 14. Qc1 Nb4 15.
a3 Na6 16. b4 c6 17. c5 Nc7 18. Bf3 Qe7 19. Ne4 Be6 20. Nd6 Rab8 21. Qc2 Bd5
22. Bxd5 Nxd5 23. Rac1 a6 24. Nc4 Rbd8 25. Rd2 Rd7 26. Rcd1 Rfd8 27. Qb3 h5 28.
a4 Qe6 29. b5 axb5 30. axb5 Nf6 31. Rd6 Rxd6 32. cxd6 Ne4 33. bxc6 bxc6 34. Ba3
Bf8 35. Qc2 Nxd6 36. Bxd6 Bxd6 37. Qe4 Bc7 38. Re1 Qd5 39. Qc2 Qd3 40. Qa4 e4
41. g3 Qd5 42. Nb2 c5 43. Rd1 Qe5 44. Rxd8+ Bxd8 45. Nc4 Qd5 46. h4 Kg7 47. Kg2
Bf6 48. Qb5 Bc3 49. Nb6 Qf5 50. Qc4 Bb4 51. Qc2 Qf3+ 52. Kg1 Qf6 53. Nd5 Qe5
54. Qc4 1/2-1/2

[Event "Ì19"]
[Site "Loo"]
[Date "2017.04.25"]
[Round "6.10"]
[White "Õàíèí, Ñåìåí."]
[Black "Ñèí, Äåíèñ."]
[Result "1/2-1/2"]
[WhiteElo "2430"]
[BlackElo "2240"]
[PlyCount "86"]
[EventDate "2017.04.20"]

1. e4 c5 2. Nf3 d6 3. d4 cxd4 4. Nxd4 Nf6 5. Nc3 a6 6. Bg5 Nbd7 7. Qe2 h6 8.
Bh4 g6 9. f4 e5 10. fxe5 dxe5 11. O-O-O Qc7 12. Nb3 b5 13. Nd5 Nxd5 14. exd5
Bd6 15. Qd2 Kf8 16. Kb1 Kg7 17. Bd3 Nc5 18. Rhf1 f5 19. Nxc5 Qxc5 20. g4 f4 21.
Qe2 Qc7 22. Be1 g5 23. h4 Qf7 24. Rh1 h5 25. Rg1 hxg4 26. Rxg4 Bxg4 27. Qxg4
Qf6 28. hxg5 Qf7 29. Bh4 Be7 30. d6 Qh5 31. Qg1 Bxd6 32. Be4 Rhd8 33. Rd3 Bc5
34. Qe1 Rxd3 35. Bxd3 Re8 36. a3 f3 37. Qe4 f2 38. Qf5 Rf8 39. Qxe5+ Kg8 40.
Qd5+ Qf7 41. Qxc5 f1=Q+ 42. Bxf1 Qxf1+ 43. Ka2 Qf4 1/2-1/2

[Event "Ì19"]
[Site "Loo"]
[Date "2017.04.25"]
[Round "6.11"]
[White "Åëèñòðàòîâ, Ñåì¸í."]
[Black "Êðèâöîâ, Àëåêñàíäð."]
[Result "1-0"]
[WhiteElo "2417"]
[BlackElo "2206"]
[PlyCount "47"]
[EventDate "2017.04.20"]

1. Nf3 f5 2. d3 Nf6 3. e4 d6 4. Nc3 e5 5. exf5 Bxf5 6. d4 e4 7. Nh4 Bg4 8. Be2
Bxe2 9. Qxe2 d5 10. Bg5 c6 11. f3 Be7 12. fxe4 O-O 13. e5 Ne4 14. Nxe4 dxe4 15.
Bxe7 Qxe7 16. g3 c5 17. O-O-O cxd4 18. Rxd4 Qxe5 19. Qc4+ Kh8 20. Ng6+ hxg6 21.
Rxe4 Qg5+ 22. Kb1 Nc6 23. Rh4+ Qh5 24. Rxh5+ 1-0

[Event "Ì19"]
[Site "Loo"]
[Date "2017.04.25"]
[Round "6.12"]
[White "Àáåëãóçèí, Äèíàð."]
[Black "Áîíäàðåíêî, Èâàí."]
[Result "1/2-1/2"]
[WhiteElo "2406"]
[BlackElo "2251"]
[PlyCount "81"]
[EventDate "2017.04.20"]

1. e4 c5 2. Nf3 e6 3. Nc3 d6 4. d4 cxd4 5. Nxd4 Nf6 6. Be3 Be7 7. f4 O-O 8. Qf3
e5 9. Nf5 Bxf5 10. exf5 Nbd7 11. O-O-O Rc8 12. g4 Rxc3 13. bxc3 d5 14. Rxd5
Ba3+ 15. Kb1 Nxd5 16. Qxd5 exf4 17. Bd4 Qe7 18. Bc4 Re8 19. Rd1 Nf6 20. Bxf6
Qxf6 21. g5 Qb6+ 22. Bb3 Rf8 23. h4 g6 24. Rd4 Qc7 25. fxg6 hxg6 26. Qe4 Qc6
27. Qxc6 bxc6 28. Rxf4 Rd8 29. Bxf7+ Kg7 30. Rf1 a5 31. Bb3 c5 32. c4 Rd4 33.
Rh1 a4 34. c3 Rf4 35. Kc2 Rf2+ 36. Kd3 axb3 37. axb3 Rf3+ 38. Kc2 Rf2+ 39. Kd3
Rf3+ 40. Kc2 Rf2+ 41. Kd3 1/2-1/2

[Event "Ì19"]
[Site "Loo"]
[Date "2017.04.25"]
[Round "6.13"]
[White "Ãóí÷åíêî, Âàäèì."]
[Black "Àôàíàñüåâ, Íèêèòà."]
[Result "0-1"]
[WhiteElo "2292"]
[BlackElo "2349"]
[PlyCount "64"]
[EventDate "2017.04.20"]

1. d4 a6 2. e4 e6 3. Nf3 b5 4. a4 Bb7 5. Bd3 c5 6. dxc5 Bxc5 7. O-O b4 8. Nbd2
Nc6 9. Nb3 Bb6 10. Bf4 d6 11. Qe2 e5 12. Be3 Nf6 13. Nfd2 O-O 14. Bxb6 Qxb6 15.
Nc4 Qc7 16. a5 d5 17. Nb6 dxe4 18. Bxe4 Rad8 19. Bd3 e4 20. Bxa6 Bxa6 21. Qxa6
Ng4 22. g3 Nce5 23. Qe2 f5 24. Rad1 Qc6 25. Rxd8 Rxd8 26. Rd1 Rxd1+ 27. Qxd1 e3
28. Qd8+ Kf7 29. fxe3 Qxc2 30. Qd5+ Kg6 31. Nd2 Qd1+ 32. Nf1 Nf3+ 0-1

[Event "Ì19"]
[Site "Loo"]
[Date "2017.04.25"]
[Round "6.14"]
[White "Áûêîâ, Åãîð."]
[Black "Áû÷êîâ, Âëàäèìèð."]
[Result "1-0"]
[WhiteElo "2263"]
[BlackElo "2202"]
[PlyCount "157"]
[EventDate "2017.04.20"]

1. d4 Nf6 2. c4 e6 3. Nc3 Nc6 4. Nf3 d5 5. e3 Be7 6. a3 O-O 7. Bd3 a6 8. O-O
dxc4 9. Bxc4 Nd5 10. e4 Nxc3 11. bxc3 Na5 12. Ba2 c5 13. Qe2 b5 14. Bf4 Bb7 15.
Rfd1 c4 16. Bb1 Qb6 17. Ne5 Rad8 18. Ng4 Nb3 19. Ra2 f6 20. Ne3 Rf7 21. Qg4 Bf8
22. a4 Bc8 23. Qe2 Rfd7 24. e5 f5 25. d5 exd5 26. Bxf5 Rf7 27. Bxc8 Rxc8 28.
Nxd5 Qe6 29. Bg3 Rd7 30. Ne3 Rcd8 31. Rxd7 Rxd7 32. Qe1 Bc5 33. axb5 axb5 34.
Ra8+ Bf8 35. h3 Nc5 36. Qb1 Rb7 37. Qb4 Qc6 38. Nf5 Rf7 39. Rxf8+ Kxf8 40. Nd4
Qd5 41. Qxc5+ Qxc5 42. Ne6+ Ke8 43. Nxc5 b4 44. cxb4 c3 45. Nb3 g5 46. e6 Rb7
47. Be5 Rxb4 48. Nd4 Rc4 49. Nc2 Ke7 50. Kf1 Kxe6 51. Bg7 h5 52. Ke2 g4 53. h4
g3 54. fxg3 Rg4 55. Bxc3 Rxg3 56. Ne3 Rg8 57. Kf3 Rg6 58. g3 Rg8 59. Ng2 Kf5
60. Nf4 Ra8 61. Nxh5 Ra3 62. g4+ Kg6 63. Nf4+ Kh6 64. Ne2 Ra4 65. Bd2+ Kg6 66.
Be3 Ra1 67. Nf4+ Kf7 68. Ke4 Rh1 69. h5 Kf6 70. Ne2 Rh2 71. g5+ Kf7 72. Nf4 Ra2
73. Bd4 Ra5 74. Be5 Ra6 75. Kf5 Kg8 76. g6 Ra2 77. h6 Rh2 78. Nd5 Rh5+ 79. Kg4
1-0

[Event "Ì19"]
[Site "Loo"]
[Date "2017.04.25"]
[Round "6.15"]
[White "Ãàëàêòèîíîâ, Àðòåì."]
[Black "Ïîñòíèêîâ, Àðòåì."]
[Result "1-0"]
[WhiteElo "2346"]
[BlackElo "2197"]
[PlyCount "89"]
[EventDate "2017.04.20"]

1. d4 Nf6 2. Nf3 g6 3. c4 Bg7 4. Nc3 O-O 5. e4 d6 6. Be2 e5 7. O-O Nc6 8. d5
Ne7 9. Ne1 Nd7 10. f3 f5 11. g4 Kh8 12. Nd3 Ng8 13. Rf2 Bh6 14. Rg2 Bxc1 15.
Qxc1 f4 16. g5 h6 17. h4 hxg5 18. hxg5 Rf7 19. Kf2 Rh7 20. Qg1 Kg7 21. Rh2 Nf8
22. c5 Rxh2+ 23. Qxh2 Nh7 24. Rh1 Nxg5 25. Qh8+ Kf8 26. Nb5 Bd7 27. Nxe5 dxe5
28. Qxe5 Bxb5 29. Qxf4+ Kg7 30. Bxb5 Nf7 31. Rd1 Qf6 32. Qxc7 Qxb2+ 33. Be2 Nf6
34. Rd3 Rd8 35. Qf4 Ne5 36. Rb3 Qd4+ 37. Qe3 Qxe3+ 38. Kxe3 Rd7 39. f4 Nf7 40.
d6 g5 41. e5 gxf4+ 42. Kxf4 Nd8 43. Rg3+ Kf7 44. Bc4+ Ne6+ 45. Kf5 1-0

[Event "Ì19"]
[Site "Loo"]
[Date "2017.04.25"]
[Round "6.16"]
[White "Òðóá÷àíèíîâ, Òèìóð."]
[Black "Äðûãàëîâ, Àíäðåé."]
[Result "0-1"]
[WhiteElo "2185"]
[BlackElo "2389"]
[PlyCount "142"]
[EventDate "2017.04.20"]

1. Nf3 d5 2. c4 c6 3. d4 Nf6 4. Nc3 e6 5. Bg5 h6 6. Bxf6 Qxf6 7. e3 Nd7 8. Bd3
dxc4 9. Bxc4 g6 10. e4 Bg7 11. e5 Qe7 12. O-O O-O 13. Ne4 c5 14. Bb5 Rd8 15.
Bxd7 Bxd7 16. Nxc5 Bc6 17. Nb3 a5 18. a3 g5 19. h3 h5 20. Re1 g4 21. hxg4 hxg4
22. Nh2 g3 23. fxg3 Qg5 24. Nf1 Qg6 25. Qd2 a4 26. Nc1 Rd7 27. Qf2 Rad8 28. Ne2
Bh6 29. Rad1 Bf8 30. Nf4 Qg5 31. Rd2 b6 32. Red1 Be4 33. Qe3 Bf5 34. Nh2 Be7
35. Qf2 Qh6 36. Qe2 Qg5 37. Kf2 Qh6 38. Qh5 Qg7 39. Qe2 Rc8 40. g4 Bh7 41. Nh5
Qg5 42. Qe3 Qg6 43. Nf4 Qg7 44. Nh5 Qg6 45. Nf4 Qg5 46. Nf3 Qxg4 47. Rh1 Rdc7
48. Rh3 Qf5 49. g4 Qb1 50. Nh5 Rc2 51. Qh6 Rxd2+ 52. Nxd2 Qg6 53. Qxg6+ Bxg6
54. Nf6+ Kg7 55. Rc3 Rxc3 56. bxc3 Bxa3 57. Ne8+ Kf8 58. Nc7 Bb2 59. Nb5 Bd3
60. c4 a3 61. Nxa3 Bxa3 62. Ke3 Bg6 63. Nb3 Bc2 64. Nd2 Ke7 65. d5 Bc1 66. Ke2
Bb2 67. Nf3 Be4 68. d6+ Ke8 69. Ng5 Bc6 70. d7+ Bxd7 71. Nf3 Bc6 0-1

[Event "Ì19"]
[Site "Loo"]
[Date "2017.04.25"]
[Round "6.17"]
[White "Ëèòâèíîâ, Ìàêñèì."]
[Black "Áåçîòå÷åñòâî, Êîíñòàíòèí."]
[Result "1-0"]
[WhiteElo "2384"]
[BlackElo "2160"]
[PlyCount "85"]
[EventDate "2017.04.20"]

1. e4 e5 2. Nf3 Nc6 3. Bb5 a6 4. Ba4 Nf6 5. O-O b5 6. Bb3 Bb7 7. d3 Be7 8. a4
d6 9. Nc3 b4 10. Ne2 O-O 11. Ng3 d5 12. exd5 Nxd5 13. Nf5 Bf6 14. Nd2 Nde7 15.
Ne3 Nd4 16. Bc4 Nef5 17. Ne4 Nd6 18. Nd5 Be7 19. Nxd6 Bxd6 20. c3 bxc3 21. bxc3
Ne6 22. Rb1 Bc6 23. a5 e4 24. dxe4 Qh4 25. f4 Rfd8 26. g3 Qh3 27. Qf3 Nf8 28.
Be3 Ng6 29. Rfd1 Rab8 30. Bf1 Qc8 31. c4 Re8 32. e5 Rxb1 33. Rxb1 Bf8 34. Bg2
Qf5 35. Qe4 Qxe4 36. Bxe4 Nxe5 37. fxe5 Rxe5 38. Bg2 Bxd5 39. Bd4 Be4 40. Rb8
Rxa5 41. Bxe4 h6 42. Bd5 g6 43. Bf6 1-0

[Event "Ì19"]
[Site "Loo"]
[Date "2017.04.25"]
[Round "6.18"]
[White "Àçèìîâ, Èëüÿñ."]
[Black "×åðåäíè÷åíêî, Äìèòðèé."]
[Result "1-0"]
[WhiteElo "2171"]
[BlackElo "2282"]
[PlyCount "87"]
[EventDate "2017.04.20"]

1. d4 d5 2. Nf3 e6 3. Bf4 Nf6 4. c3 c5 5. e3 Nc6 6. Nbd2 Bd6 7. Bg3 O-O 8. Bb5
Qe7 9. Bxc6 bxc6 10. Qa4 Bb7 11. Bxd6 Qxd6 12. Qa3 Nd7 13. Nb3 a5 14. Nxc5 Nxc5
15. dxc5 Qc7 16. O-O e5 17. Rfe1 f5 18. c4 Rf6 19. Rec1 Re8 20. Qb3 Qf7 21. Ng5
Qd7 22. cxd5 cxd5 23. f4 a4 24. Qc3 Rg6 25. h4 Rh6 26. Nf3 exf4 27. exf4 Re4
28. Nd4 Bc6 29. g3 Rg6 30. Kf2 h6 31. b4 axb3 32. axb3 Rf6 33. b4 Qe8 34. Qd3
g5 35. b5 Ba8 36. hxg5 hxg5 37. fxg5 Rf8 38. c6 Qh5 39. Nf3 Qf7 40. b6 f4 41.
g4 Rfe8 42. Ne1 Qe6 43. b7 Qxg4 44. Qxd5+ 1-0

[Event "Ì19"]
[Site "Loo"]
[Date "2017.04.25"]
[Round "6.19"]
[White "Êóçíåöîâ, Ôåëèêñ."]
[Black "×èáóõ÷ÿí, Ýðèê."]
[Result "1-0"]
[WhiteElo "2176"]
[BlackElo "2149"]
[PlyCount "55"]
[EventDate "2017.04.20"]

1. e4 e5 2. Nf3 Nc6 3. Bc4 Nf6 4. d3 h6 5. O-O d6 6. c3 g6 7. d4 Qe7 8. Nbd2
Bg7 9. Re1 O-O 10. h3 Nh5 11. Nf1 Qf6 12. Ne3 Nf4 13. Nd5 Nxd5 14. exd5 Ne7 15.
dxe5 dxe5 16. Nxe5 Rd8 17. Qb3 Nf5 18. Bd2 Nd6 19. Rad1 b5 20. Bf1 Bb7 21. Ng4
Qh4 22. g3 Qh5 23. Bxh6 f5 24. Bxg7 fxg4 25. hxg4 Qxg4 26. Be5 a6 27. Rd4 Qf5
28. Rf4 1-0

[Event "Ì19"]
[Site "Loo"]
[Date "2017.04.25"]
[Round "6.20"]
[White "Íàñèáóëëèí, Èñêàíäåð."]
[Black "Õàëòóðèí, Íèêîëàé."]
[Result "1-0"]
[WhiteElo "2162"]
[BlackElo "1965"]
[PlyCount "104"]
[EventDate "2017.04.20"]

1. e4 e6 2. d4 d5 3. Nd2 Be7 4. Bd3 c5 5. dxc5 Nf6 6. Qe2 O-O 7. Ngf3 a5 8. O-O
Na6 9. exd5 exd5 10. Bb5 Nxc5 11. Rd1 Bg4 12. Nf1 Qc7 13. Ne3 Rfd8 14. Nxg4
Nxg4 15. h3 Nf6 16. Nd4 Nfe4 17. a4 Bf6 18. Ra3 Rac8 19. Be3 Bxd4 20. Bxd4 Ne6
21. c3 Nxd4 22. Rxd4 Nf6 23. Ra1 Rd6 24. Rad1 Re6 25. Qf3 h6 26. g4 Rf8 27. Kg2
Re4 28. Rxd5 Rf4 29. Rc5 Rxg4+ 30. hxg4 Qxc5 31. Qf4 Qc8 32. f3 Qe6 33. Qd6
Qxd6 34. Rxd6 Rc8 35. Kf2 Kf8 36. Rb6 Rc7 37. Bd3 Nd7 38. Rb5 b6 39. Bf5 Nc5
40. Rxb6 Nxa4 41. Rb5 Ke7 42. Bc2 Nxb2 43. Rxb2 Rxc3 44. Rb7+ Kf6 45. Be4 Rc5
46. Ke3 h5 47. Kd4 Rc1 48. gxh5 Rd1+ 49. Ke3 Rh1 50. Rb5 a4 51. Ra5 a3 52. f4
a2 1-0